[Event "International Tournament "]
[Site "Pool "]
[Date "2021.07.13"]
[Round "6.28"]
[White "Savic, Miodrag R"]
[Black "Peycheva, Gergana"]
[Result "1-0"]
[WhiteElo "2421"]
[BlackElo "2280"]
[PlyCount "101"]
[EventDate "2021.07.09"]

1. e4 c5 2. Nf3 g6 3. c3 Nf6 4. e5 Nd5 5. d4 cxd4 6. cxd4 Bg7 7. Bc4 Nb6 8. Bb3
O-O 9. Qe2 d5 10. h3 Nc6 11. Nc3 Bf5 12. O-O Rc8 13. Be3 Na5 14. g4 Bd7 15. Bf4
a6 16. Bc2 Rc6 17. Bd3 f5 18. g5 e6 19. Rfc1 Qe7 20. b3 Rfc8 21. Bd2 Bf8 22.
Qe1 Qe8 23. Ne2 Rxc1 24. Rxc1 Nc6 25. h4 Ba3 26. Rc2 Qe7 27. Nf4 Nb4 28. Rxc8+
Nxc8 29. Bb1 Nc6 30. Kg2 Bb4 31. h5 Bxd2 32. Qxd2 Be8 33. hxg6 hxg6 34. Qc1 Nb6
35. Bd3 Nb4 36. a3 Nc6 37. b4 Na8 38. b5 axb5 39. Bxb5 Nc7 40. Bxc6 bxc6 41. a4
c5 42. dxc5 Bxa4 43. Nxg6 Qe8 44. Nf4 Bd7 45. Qh1 Qf8 46. Nh5 Ne8 47. Nf6+ Nxf6
48. gxf6 Qf7 49. Ng5 Qg6 50. f7+ Kg7 51. Qh8+ 1-0

[Event "International Tournament "]
[Site "Pool "]
[Date "2021.07.13"]
[Round "6.29"]
[White "Defromont, Benjamin"]
[Black "Perez Gormaz, Matias"]
[Result "0-1"]
[WhiteElo "2246"]
[BlackElo "2400"]
[PlyCount "80"]
[EventDate "2021.07.09"]

1. e4 c5 2. Nf3 d6 3. d4 cxd4 4. Nxd4 Nf6 5. Nc3 a6 6. Be3 e6 7. Be2 Nbd7 8. f4
Qc7 9. Bf3 h5 10. O-O Rb8 11. a4 b6 12. Kh1 Bb7 13. Bg1 Rc8 14. Qe1 h4 15. Bf2
h3 16. g3 Be7 17. Qe3 O-O 18. Rad1 Rfe8 19. Nb3 b5 20. axb5 axb5 21. Nxb5 Qxc2
22. N3d4 Qc4 23. Nc3 Nc5 24. Rfe1 Bf8 25. Qe2 Qxe2 26. Rxe2 d5 27. exd5 exd5
28. Ndb5 Rxe2 29. Nxe2 Nce4 30. Bd4 Rc2 31. Rc1 Rd2 32. Kg1 Ba6 33. Nbc3 Rd3
34. Bxe4 Nxe4 35. b4 Bxb4 36. Nxd5 Ba3 37. Ra1 Rd2 38. Nec3 Nxc3 39. Bxc3 Bc5+
40. Kh1 Rxd5 0-1

[Event "International Tournament "]
[Site "Pool "]
[Date "2021.07.13"]
[Round "6.30"]
[White "Sargsyan, Anna M"]
[Black "Sahin, Ozgun"]
[Result "1-0"]
[WhiteElo "2397"]
[BlackElo "2269"]
[Annotator "Balkanchess"]
[PlyCount "30"]
[EventDate "2021.07.09"]

1. d4 d6 2. e4 g6 3. Nc3 Bg7 4. f4 c6 5. Nf3 d5 6. e5 h5 7. h3 Nh6 8. Be3 Nf5
9. Bf2 Na6 10. Qd2 b6 11. O-O-O e6 12. g3 b5 13. Be2 Qa5 14. g4 b4 15. Nb1 Ne7
{...44} 1-0

[Event "International Tournament "]
[Site "Pool "]
[Date "2021.07.13"]
[Round "6.31"]
[White "Tsaknakis, Zisis"]
[Black "Milosevic, Milos"]
[Result "1-0"]
[WhiteElo "2236"]
[BlackElo "2396"]
[PlyCount "117"]
[EventDate "2021.07.09"]

1. Nf3 Nf6 2. g3 d5 3. Bg2 Bf5 4. O-O e6 5. d3 Be7 6. c4 c6 7. Nbd2 h6 8. cxd5
cxd5 9. Qb3 Qc8 10. Nd4 Bh7 11. e4 O-O 12. exd5 Nxd5 13. Ne4 Na6 14. Bd2 Qd7
15. Nf3 f5 16. Ne5 Qc7 17. Nc3 Qxe5 18. Rae1 Qc7 19. Bxd5 Nc5 20. Qc4 Kh8 21.
Bg2 Bg8 22. d4 e5 23. Qe2 exd4 24. Qxe7 Qxe7 25. Rxe7 dxc3 26. Bxc3 Rf7 27.
Rfe1 Rd8 28. Re8 Rfd7 29. Bh3 Rxe8 30. Rxe8 Rd5 31. Re7 Rd1+ 32. Kg2 Bd5+ 33.
f3 Kg8 34. Bxf5 Kf8 35. Rc7 Ne6 36. Bxe6 Bxe6 37. Bxg7+ Kg8 38. Bxh6 Bd5 39.
Kf2 Rh1 40. Bg7 Rxh2+ 41. Ke3 Rh7 42. Be5 Rxc7 43. Bxc7 Bxa2 44. Kf4 Bd5 45.
Kg4 Kf7 46. f4 Be4 47. Kg5 Bf3 48. f5 Bd1 49. g4 Be2 50. Kf4 Bd3 51. g5 Bc2 52.
g6+ Kg7 53. Kg5 Bb3 54. f6+ Kg8 55. Kf4 Kf8 56. Ke5 Ke8 57. Kd6 Bc2 58. f7+ Kf8
59. Ke6 1-0

[Event "International Tournament "]
[Site "Pool "]
[Date "2021.07.13"]
[Round "6.32"]
[White "Radovanovic, Nikola"]
[Black "Jocev, Milan"]
[Result "1/2-1/2"]
[WhiteElo "2395"]
[BlackElo "2260"]
[PlyCount "65"]
[EventDate "2021.07.09"]

1. d4 Nf6 2. c4 c5 3. d5 b5 4. cxb5 a6 5. e3 g6 6. Nc3 Bg7 7. a4 O-O 8. e4 d6
9. Be2 axb5 10. Bxb5 Ba6 11. f3 Nfd7 12. Nge2 Bxb5 13. Nxb5 Qb6 14. Ra3 Na6 15.
O-O Ne5 16. Nec3 f5 17. exf5 Rxf5 18. Qe2 Raf8 19. Rd1 g5 20. Ne4 h6 21. Ng3
R5f7 22. Be3 Nb4 23. Nh5 Rf5 24. Ng3 R5f7 25. Ne4 Ng6 26. Nec3 Qa5 27. Raa1 Rf5
28. Rd2 Be5 29. Re1 Kg7 30. b3 R8f7 31. Rdd1 Rf4 32. Bf2 g4 33. fxg4 1/2-1/2

[Event "International Tournament "]
[Site "Pool "]
[Date "2021.07.13"]
[Round "6.33"]
[White "Ivanovic, Marko"]
[Black "Nugumanov, Bakhtiyar"]
[Result "1/2-1/2"]
[WhiteElo "2245"]
[BlackElo "2375"]
[PlyCount "44"]
[EventDate "2021.07.09"]

1. e4 c5 2. Nc3 e6 3. Nge2 Nc6 4. g3 a6 5. Bg2 Nf6 6. O-O Be7 7. f4 d6 8. h3
O-O 9. d3 d5 10. e5 Nd7 11. g4 b5 12. Ng3 Bb7 13. g5 c4 14. Nce2 cxd3 15. cxd3
Rc8 16. d4 g6 17. h4 Bb4 18. Be3 Ne7 19. a3 Ba5 20. f5 Nxf5 21. Nxf5 exf5 22.
Qd3 Re8 1/2-1/2

[Event "International Tournament "]
[Site "Pool "]
[Date "2021.07.13"]
[Round "6.35"]
[White "Gurel, Ediz"]
[Black "Pavlov, Mark"]
[Result "1/2-1/2"]
[WhiteElo "2346"]
[BlackElo "2195"]
[PlyCount "53"]
[EventDate "2021.07.09"]

1. e4 d6 2. d4 g6 3. Nc3 Bg7 4. Be3 a6 5. Qd2 b5 6. a3 Nd7 7. f4 Ngf6 8. Nf3
Bb7 9. Bd3 O-O 10. O-O-O a5 11. Bxb5 Nxe4 12. Nxe4 Bxe4 13. Ng5 Bd5 14. h4 Nf6
15. h5 Nxh5 16. Bd3 h6 17. Nh7 Kxh7 18. Rxh5 f5 19. Rh2 e6 20. Qe1 c5 21. dxc5
dxc5 22. Bxc5 Rf7 23. c3 Rc8 24. Qe3 Rc6 25. Bd4 Bxd4 26. Qxd4 Rd7 27. Qe3
1/2-1/2

[Event "International Tournament "]
[Site "Pool "]
[Date "2021.07.13"]
[Round "6.37"]
[White "Ozenir, Ekin Baris"]
[Black "Zhukov, Anton"]
[Result "1-0"]
[WhiteElo "2331"]
[BlackElo "2174"]
[Annotator "Balkanchess"]
[PlyCount "56"]
[EventDate "2021.07.09"]

1. Nf3 Nf6 2. c4 e6 3. b3 c5 4. Bb2 b6 5. e3 Bb7 6. Be2 Be7 7. Nc3 O-O 8. d4 d5
9. O-O Nbd7 10. Rc1 Rc8 11. cxd5 Nxd5 12. Nxd5 Bxd5 13. Ba6 Rc7 14. Qe2 cxd4
15. Nxd4 Rxc1 16. Rxc1 Nc5 17. Bb5 Qa8 18. b4 a6 19. bxc5 axb5 20. cxb6 Bc4 21.
Qg4 h5 22. Qg3 Bf6 23. a4 Qxa4 24. b7 Qa2 25. b8=Q Qxb2 26. Qxf8+ Kxf8 27. Qb8+
Ke7 28. Qc7+ Ke8 {...59} 1-0

[Event "International Tournament "]
[Site "Pool "]
[Date "2021.07.13"]
[Round "6.38"]
[White "Nogerbek, Kazybek"]
[Black "Ufimtsev, Egor"]
[Result "1/2-1/2"]
[WhiteElo "2328"]
[BlackElo "2168"]
[PlyCount "91"]
[EventDate "2021.07.09"]

1. d4 Nf6 2. Nf3 e6 3. Bf4 d5 4. e3 Bd6 5. Nbd2 O-O 6. Bg3 c5 7. c3 b6 8. Ne5
Qc7 9. f4 Ba6 10. Bxa6 Nxa6 11. O-O Nb8 12. Qf3 Nbd7 13. Rae1 b5 14. Bh4 Be7
15. Nxd7 Qxd7 16. dxc5 Ne4 17. Nxe4 dxe4 18. Qg3 Bxh4 19. Qxh4 Qd5 20. Rd1 Qxa2
21. Rd2 Qc4 22. Qe7 Rfe8 23. Qc7 Rac8 24. Qxa7 Qxc5 25. Qxc5 Rxc5 26. Ra1 g6
27. Ra7 b4 28. cxb4 Rc4 29. Rb7 e5 30. g3 exf4 31. gxf4 Rc1+ 32. Kg2 Re1 33.
Kf2 Rh1 34. Rdd7 Rf8 35. Re7 Rxh2+ 36. Kg3 Rxb2 37. Rxe4 Kg7 38. b5 h6 39. Re5
Rb3 40. b6 g5 41. Re6 gxf4+ 42. Kxf4 Rb1 43. Ree7 Kg6 44. Kf3 h5 45. Red7 Re8
46. Rd6+ 1/2-1/2

[Event "International Tournament "]
[Site "Pool "]
[Date "2021.07.13"]
[Round "6.39"]
[White "Mitev, Valentin"]
[Black "Ohanyan, Emin"]
[Result "0-1"]
[WhiteElo "2181"]
[BlackElo "2324"]
[PlyCount "68"]
[EventDate "2021.07.09"]

1. Nf3 Nf6 2. d4 g6 3. e3 Bg7 4. Be2 O-O 5. c4 c5 6. d5 b5 7. cxb5 a6 8. bxa6
Bxa6 9. Nc3 d6 10. O-O Qb6 11. e4 Nbd7 12. Bxa6 Qxa6 13. a4 Rfb8 14. Qc2 Nb6
15. Ra3 Nc4 16. Rb3 Rxb3 17. Qxb3 Nd7 18. Nd2 Ncb6 19. Ndb1 Nxa4 20. Bg5 Nxc3
21. bxc3 Rb8 22. Qc2 Ne5 23. Nd2 h6 24. Bxe7 g5 25. f4 Ng4 26. Rf3 Qa1+ 27. Rf1
Qa7 28. Bxd6 c4+ 29. Kh1 Nf2+ 30. Rxf2 Qxf2 31. h3 Ra8 32. Qb2 gxf4 33. e5 Qe1+
34. Kh2 Ra1 0-1

[Event "International Tournament "]
[Site "Pool "]
[Date "2021.07.13"]
[Round "6.40"]
[White "Karisik, Nenad"]
[Black "Sylvan, Jacob"]
[Result "1/2-1/2"]
[WhiteElo "2144"]
[BlackElo "2322"]
[PlyCount "71"]
[EventDate "2021.07.09"]

1. e4 c5 2. Nf3 d6 3. d4 cxd4 4. Nxd4 Nf6 5. Nc3 Nc6 6. Bg5 e6 7. Qd2 a6 8.
O-O-O Bd7 9. f3 Be7 10. h4 h6 11. Be3 h5 12. Kb1 b5 13. Nxc6 Bxc6 14. Bd3 Rc8
15. Ne2 Bb7 16. Nd4 d5 17. e5 Nd7 18. f4 Nc5 19. f5 Ne4 20. Bxe4 dxe4 21. fxe6
fxe6 22. Qf2 Bd5 23. Qg3 O-O 24. Nxe6 Bxe6 25. Rxd8 Rcxd8 26. Bg5 Rd7 27. Bxe7
Rxe7 28. b3 Rd7 29. Re1 Rd2 30. Qe3 Rff2 31. Qxe4 Rxc2 32. Qa8+ Kh7 33. Qe4+
Kg8 34. Qa8+ Kh7 35. Qe4+ Kg8 36. Qa8+ 1/2-1/2

[Event "International Tournament "]
[Site "Pool "]
[Date "2021.07.13"]
[Round "6.41"]
[White "Pasti, Aron"]
[Black "Kanov, Nikola"]
[Result "0-1"]
[WhiteElo "2318"]
[BlackElo "2140"]
[PlyCount "130"]
[EventDate "2021.07.09"]

1. e4 e6 2. d4 d5 3. Nc3 Bb4 4. e5 c5 5. Bd2 Ne7 6. a3 Bxc3 7. Bxc3 b6 8. Bb5+
Kf8 9. Bd3 Ba6 10. f4 Bxd3 11. Qxd3 Nbc6 12. Nf3 Qc7 13. O-O Nf5 14. dxc5 bxc5
15. g4 Nfe7 16. f5 exf5 17. gxf5 d4 18. Bd2 Nxe5 19. Nxe5 Qxe5 20. Rae1 Qd5 21.
c4 dxc3 22. Qxc3 Nxf5 23. Re5 Qd4+ 24. Kh1 g6 25. Rfxf5 Qxc3 26. bxc3 gxf5 27.
Bh6+ Kg8 28. Re1 f6 29. Re7 Rd8 30. Kg2 c4 31. Rxa7 f4 32. a4 Rd2+ 33. Kh3 Rd3+
34. Kg2 Rd2+ 35. Kh3 Rd3+ 36. Kg4 f3 37. Kg3 f2+ 38. Kxf2 Rh3 39. Ra8+ Kf7 40.
Rxh8 Rxh2+ 41. Ke3 Rxh6 42. a5 f5 43. Ra8 Rh1 44. a6 Ra1 45. Kf4 Ra5 46. Kg5
h6+ 47. Kh5 Kg7 48. Ra7+ Kf6 49. Rh7 Ke5 50. Rxh6 Ke4 51. Rd6 Ke5 52. Rb6 Ra3
53. Kh4 Ke4 54. Kg5 Rxc3 55. Re6+ Kd5 56. Kxf5 Rf3+ 57. Kg4 Ra3 58. Re8 Rxa6
59. Kf3 Kd4 60. Ke2 Kc3 61. Rc8 Rd6 62. Rc7 Kb3 63. Rb7+ Kc2 64. Rc7 Re6+ 65.
Kf3 c3 0-1

[Event "International Tournament "]
[Site "Pool "]
[Date "2021.07.13"]
[Round "6.42"]
[White "Czerw, Dawid"]
[Black "Dolgun, Can"]
[Result "1/2-1/2"]
[WhiteElo "2306"]
[BlackElo "2133"]
[PlyCount "48"]
[EventDate "2021.07.09"]

1. d4 d5 2. c4 c6 3. Nf3 Nf6 4. Nc3 dxc4 5. a4 Bf5 6. e3 e6 7. Bxc4 Bb4 8. O-O
O-O 9. Nh4 Bg6 10. Nxg6 hxg6 11. Qe2 Nbd7 12. Rd1 Qe7 13. e4 e5 14. d5 Nb6 15.
Bb3 a5 16. Be3 Nbd7 17. f3 Nc5 18. Bc4 Rfd8 19. Qf2 Rac8 20. dxc6 bxc6 21. Qc2
Ne6 22. Bxe6 Qxe6 23. Rxd8+ Rxd8 24. Ne2 Be7 1/2-1/2

[Event "International Tournament "]
[Site "Pool "]
[Date "2021.07.13"]
[Round "6.43"]
[White "Durak, Can"]
[Black "Gunduz, Umut Erdem"]
[Result "0-1"]
[WhiteElo "2275"]
[BlackElo "2131"]
[PlyCount "140"]
[EventDate "2021.07.09"]

1. d4 Nf6 2. c4 c5 3. d5 e6 4. Nc3 exd5 5. cxd5 d6 6. Nf3 g6 7. h3 Bg7 8. e4
O-O 9. Bd3 b5 10. Nxb5 Re8 11. O-O Nxe4 12. Re1 a6 13. Qa4 Nd7 14. Rxe4 Rxe4
15. Qxe4 Nf6 16. Qh4 axb5 17. Bxb5 Qb6 18. a4 Bb7 19. Bh6 Bxd5 20. Bxg7 Kxg7
21. Nd2 Qb7 22. f3 Bc6 23. Bxc6 Qxc6 24. b3 Qd5 25. Qf2 Qd3 26. Re1 d5 27. Qe3
Qc2 28. Nf1 d4 29. Rc1 Qb2 30. Qf4 Re8 31. Qd2 Qxb3 32. Rxc5 Qxa4 33. Ng3 h6
34. h4 Qd7 35. Rc1 Qd6 36. Ne2 d3 37. Nf4 Qd4+ 38. Kh1 Re3 39. Rc4 Qa1+ 40. Rc1
Qd4 41. Rc4 Qa1+ 42. Rc1 Qe5 43. Nxd3 Qd4 44. Rd1 Qxh4+ 45. Kg1 Re8 46. Qf4 Qh5
47. Re1 Rxe1+ 48. Nxe1 Qc5+ 49. Kf1 Nh5 50. Nd3 Qc2 51. Qe5+ Kh7 52. Ne1 Qc4+
53. Kf2 Nf4 54. Qe4 Qc5+ 55. Kf1 Nh5 56. Qh4 Qe5 57. Nc2 Ng3+ 58. Kf2 Nf5 59.
Qc4 Kg7 60. Kf1 Qe3 61. g4 Qxf3+ 62. Ke1 Ng3 63. Qd4+ Kh7 64. Qc4 Ne4 65. Qe2
Qg3+ 66. Kf1 Ng5 67. Ne3 Nh3 68. Ng2 Qh2 69. Qe4 Qg1+ 70. Ke2 Qxg2+ 0-1

[Event "International Tournament "]
[Site "Pool "]
[Date "2021.07.13"]
[Round "6.44"]
[White "Balabayeva, Xeniya"]
[Black "Tanmay, Chopra"]
[Result "1-0"]
[WhiteElo "2116"]
[BlackElo "2273"]
[Annotator "Balkanchess"]
[PlyCount "23"]
[EventDate "2021.07.09"]

1. e4 c5 2. Nf3 d6 3. Bb5+ Nd7 4. a4 Ngf6 5. Nc3 g6 6. O-O a6 7. Be2 Bg7 8. a5
b5 9. axb6 Bb7 10. d3 O-O 11. Qd2 e5 12. Qg5 {...65} 1-0

[Event "International Tournament "]
[Site "Pool "]
[Date "2021.07.13"]
[Round "6.45"]
[White "Dev, Shah"]
[Black "Srdanovic, Jovana"]
[Result "1-0"]
[WhiteElo "2270"]
[BlackElo "2126"]
[PlyCount "39"]
[EventDate "2021.07.09"]

1. d4 d5 2. c4 c6 3. Nf3 Nf6 4. g3 Bf5 5. Nc3 e6 6. Nh4 dxc4 7. Nxf5 exf5 8.
Bg2 Be7 9. O-O O-O 10. d5 Qc8 11. Qc2 Rd8 12. Rd1 cxd5 13. Nxd5 Nxd5 14. Bxd5
Na6 15. a3 Bf6 16. Be3 Rd7 17. Rac1 Rc7 18. Bf4 Rc5 19. Bd6 Rb5 20. Bxc4 1-0

[Event "International Tournament "]
[Site "Pool "]
[Date "2021.07.13"]
[Round "6.46"]
[White "Beydullayeva, Govhar"]
[Black "Veljanoski, Andrej"]
[Result "1-0"]
[WhiteElo "2264"]
[BlackElo "2074"]
[Annotator "Balkanchess"]
[PlyCount "34"]
[EventDate "2021.07.09"]

1. Nf3 Nf6 2. c4 g6 3. d4 Bg7 4. g3 O-O 5. Bg2 d5 6. cxd5 Nxd5 7. O-O c6 8. e4
Nb6 9. h3 N8d7 10. Nc3 e5 11. Bg5 Qe8 12. d5 h6 13. dxc6 bxc6 14. Be3 Ba6 15.
Re1 Qe7 16. Rc1 Kh7 17. b3 Rfd8 {...58} 1-0

[Event "International Tournament "]
[Site "Pool "]
[Date "2021.07.13"]
[Round "6.47"]
[White "Granovskiy, Alexandr"]
[Black "Khachatryan, Anna"]
[Result "1-0"]
[WhiteElo "2255"]
[BlackElo "1966"]
[PlyCount "57"]
[EventDate "2021.07.09"]

1. d4 Nf6 2. c4 c5 3. d5 b5 4. Qc2 bxc4 5. e4 g6 6. Bxc4 Bg7 7. Nf3 O-O 8. e5
Ng4 9. Qe4 d6 10. e6 Ne5 11. Nxe5 Bxe5 12. O-O Na6 13. Nd2 fxe6 14. Nf3 Nc7 15.
Nxe5 dxe5 16. dxe6 Qd4 17. Qc6 Qxc4 18. Qxc7 Bxe6 19. Bh6 Rf7 20. Rad1 Bd5 21.
b3 Qh4 22. Rxd5 Qxh6 23. Qxe5 Raf8 24. f3 Qh4 25. Rfd1 Rf5 26. Qe6+ Kg7 27. Rd7
R8f7 28. Re1 Rh5 29. h3 1-0

[Event "International Tournament "]
[Site "Pool "]
[Date "2021.07.13"]
[Round "6.48"]
[White "Ciric, Pavle"]
[Black "Antova, Gabriela"]
[Result "0-1"]
[WhiteElo "2078"]
[BlackElo "2241"]
[PlyCount "60"]
[EventDate "2021.07.09"]

1. e4 c5 2. Nf3 Nc6 3. Bb5 e6 4. O-O Nge7 5. Re1 a6 6. Bxc6 Nxc6 7. d4 cxd4 8.
Nxd4 Qc7 9. Nc3 Bd6 10. Nxc6 dxc6 11. Qh5 e5 12. Be3 b5 13. Rad1 O-O 14. f4
exf4 15. Bc5 Bxc5+ 16. Qxc5 Qa7 17. Qxa7 Rxa7 18. Rd6 Rc7 19. e5 Bf5 20. Ne4 a5
21. c3 h6 22. Nc5 Re8 23. Rd2 Rce7 24. Rde2 a4 25. b4 a3 26. h3 g5 27. Nb3 Bd3
28. Rd2 Bc4 29. Na5 Bd5 30. Rde2 f6 0-1

[Event "International Tournament "]
[Site "Pool "]
[Date "2021.07.13"]
[Round "6.49"]
[White "Zhukenov, Aituar"]
[Black "Vetokhina, Sofia"]
[Result "1-0"]
[WhiteElo "2241"]
[BlackElo "1706"]
[PlyCount "61"]
[EventDate "2021.07.09"]

1. d4 Nf6 2. g3 g6 3. Bg2 Bg7 4. e4 d6 5. Ne2 O-O 6. O-O e5 7. h3 Nc6 8. Nbc3
a5 9. Be3 Nd7 10. f4 Ne7 11. dxe5 dxe5 12. f5 b6 13. Qe1 Bb7 14. Rd1 Qc8 15.
Rxd7 Qxd7 16. f6 Nc6 17. fxg7 Kxg7 18. Qc1 Rfe8 19. Nd5 Re6 20. Bh6+ Kh8 21.
Bg5 h5 22. h4 Nd4 23. Nxd4 exd4 24. Bh3 f5 25. Bf6+ Kh7 26. Rxf5 Rg8 27. Rxh5+
gxh5 28. Bf5+ Rg6 29. Bxg6+ Kxg6 30. Qg5+ Kh7 31. Qxh5+ 1-0